Hướng dẫn biên soạn gia phả

Đã lưu trong:
Bibliografiske detaljer
Hovedforfatter: NGUYỄN QUANG TiỂN
Format: Bog
Sprog:Undetermined
Udgivet: VHDT 2002
Tags: Tilføj Tag
Ingen Tags, Vær først til at tagge denne postø!
Thư viện lưu trữ: Trung tâm Học liệu Trường Đại học Cần Thơ
LEADER 00441nam a2200145Ia 4500
001 CTU_48617
008 210402s9999 xx 000 0 und d
082 |a 929.1 
082 |b T305 
100 |a NGUYỄN QUANG TiỂN 
245 0 |a Hướng dẫn biên soạn gia phả 
245 0 |c NGUYỄN QUANG TiỂN, NGUYỄN QUANG TUYỂN 
260 |b VHDT 
260 |c 2002 
980 |a Trung tâm Học liệu Trường Đại học Cần Thơ